| 000 -ლიდერი |
| ფიქსირებული სიგრძის საკონტროლო ველი |
00930nam a2200229Ia 4500 |
| 001 - საკონტროლო ნომერი |
| საკონტროლო ველი |
6927 |
| 003 - საკონტროლო ნომრის იდენტიფიკატორი |
| საკონტროლო ველი |
GE_BSU |
| 005 - ბოლო ოპერაციის თარიღი და დრო |
| საკონტროლო ველი |
20200206171115.0 |
| 008 - ფიქსირებული სიგრძის მონაცემთა ელემენტები - ზოგადი ინფორმაცია |
| ფიქსირებული სიგრძის საკონტროლო ველი |
181216s1975||||ge |||||||||||||| ||geo|| |
| 040 ## - კატალოგიზაციის წყარო |
| Transcribing agency |
GE_BSU |
| 041 ## - ენის კოდი |
| Language code of text/sound track or separate title |
geo |
| 080 ## - უნივერსალური ათობითი კლასიფიკაციის ინდექსი |
| Universal Decimal Classification number |
821.353.1-1 გ-97 |
| 100 ## - მთავარი ჩანაწერი - პიროვნების სახელი |
| Personal name |
გურჯიძე, არჩილ. |
| 9 (RLIN) |
6837 |
| 245 ## - ცნობა სათაურის შესახებ |
| Title |
მადლი მზისა : |
| Remainder of title |
ლექსები / |
| Statement of responsibility, etc |
არჩილ გურჯიძე ; რედ. დ. ივარდავა ; მხატვ. ა. წიკლაური. |
| 264 ## - წარმოების, გამოცემის, დისტრიბუციის და სხვა ცნობები |
| გამოცემის, წარმოების, დისტრიბუციის... ადგილი |
თბილისი : |
| გამოცემის, წარმოების, დისტრიბუციის... სახელწოდება |
საბჭ.საქართველო, |
| გამოცემის, წარმოების, დისტრიბუციის... თარიღი |
1975. |
| 300 ## - ფიზიკური აღწერა |
| Extent |
80 გვ. ; |
| Dimensions |
16 სმ. |
| 653 ## - INDEX TERM--UNCONTROLLED |
| Uncontrolled term |
მადლი მზისა |
| 653 ## - INDEX TERM--UNCONTROLLED |
| Uncontrolled term |
ლექსები |
| 700 ## - ADDED ENTRY--PERSONAL NAME |
| Personal name |
ივარდავა, დ. |
| Relator term |
რრედაქტორი |
| 9 (RLIN) |
3755 |
| 700 ## - ADDED ENTRY--PERSONAL NAME |
| Personal name |
წიკლაური, ა. |
| Relator term |
მხატვარი |
| 9 (RLIN) |
6849 |
| 942 ## - ADDED ENTRY ELEMENTS (KOHA) |
| Koha item type |
წიგნი |
| Source of classification or shelving scheme |
|